000 00292nam a22001337a 4500
008 170801b xxu||||| |||| 00| 0 eng d
020 _a9783772363733
041 _ager
080 _a004
100 _a32
101 _aSHK
245 _aSCHNITTSTELLEN SOFTWARE
_cTHIESER,M
942 _2udc
_cBK
999 _c22334
_d22334